000 01407cam a2200373 a 4500
001 EDZ0000077528
003 StDuBDS
005 20161031105205.0
006 m||||||||d||||||||
007 cr |||||||||||
008 120418s2008 caua fo| 001|0|eng|d
020 _a9781446216446 (ebook) :
_cNo price
040 _aStDuBDS
_beng
_cStDuBDS
_epn
049 _aAlfaisal Main Library
050 0 _aHD30.28
_b.J44 2008
082 0 4 _a658.4012
_223
100 1 _aJeffs, Chris.
245 1 0 _aStrategic management
_h[electronic resource] /
_cChris Jeffs.
260 _aLos Angeles, [Calif.] ;
_aLondon :
_bSAGE,
_cc2008.
300 _a1 online resource (vi, 226 p.) :
_bill.
490 1 _aSAGE course companions
520 8 _aAn introduction to the subject that aims to help readers extend their understanding of key concepts, this book provides support on how to revise for exams & prepare assessed work.
521 _aSpecialized.
588 _aDescription based on print version record.
504 _aIncludes bibliographical references and index.
650 0 _aBusiness planning.
650 0 _aStrategic planning.
655 7 _aElectronic books.
_2local
710 2 _aSage eBooks
776 0 8 _iPrint version :
_z9781412947695
830 0 _aSAGE course companions.
856 4 0 _uhttp://ezproxy.alfaisal.edu/login?url=http://sk.sagepub.com/books/strategic-management
942 _2lcc
_cEBOOKS
999 _c481319
_d481319